000 00320nam a22001457a 4500
008 230913b ||||| |||| 00| 0 eng d
020 _a9780521582780
041 _aeng
080 _a521
082 _a521CAT
100 _a19
101 _aASTRO
245 _aBUILDING PLANET EARTH
_cCATTERMOLE .P
942 _2udc
_cBK
999 _c60381
_d60381